=LDR 00000nam 2200000 4500 =001 INLIS000000000040052 =005 20130612145635 =008 ***********************************Ind** =035 ##$$0010-061300000040052 =041 ##$$a Ind =082 ##$$a 813 =090 ##$$a 813, Bur z.1 =100 ##$$a Burton,Mary =245 ##$$a Dying Scream, Jerit Kematian, Mary Burton =260 ##$$a 2010 $b Jakarta =300 ##$$a 548 hlm, 18 cm =700 ##$$a Masglem =850 ##$$a NBPNMAT